|
|
|
|
| LEADER |
00000nam0a2200000 4500 |
| 001 |
198726 |
| 005 |
20231031184055.0 |
| 010 |
|
|
|a 9785922112673
|
| 035 |
|
|
|a (RuTPU)RU\TPU\book\216738
|
| 090 |
|
|
|a 198726
|
| 100 |
|
|
|a 20110707d2011 m y0rusy50 ca
|
| 101 |
0 |
|
|a rus
|
| 102 |
|
|
|a RU
|
| 105 |
|
|
|a y j 001zy
|
| 200 |
1 |
|
|a Математические основы теории риска
|e учебное пособие для вузов
|f В. Ю. Королев, В. Е. Бенинг, С. Я. Шоргин
|
| 205 |
|
|
|a 2-е изд., перераб. и доп.
|
| 210 |
|
|
|a Москва
|c Физматлит
|d 2011
|
| 215 |
|
|
|a 620 с.
|
| 225 |
1 |
|
|a Математика и прикладная математика
|
| 320 |
|
|
|a Библиогр.: с.593-619.
|
| 330 |
|
|
|a В книге систематически излагаются теоретические основы математических методов, используемых при анализе рисковых ситуаций. Основное внимание уделено методам анализа страховых рисков. Наряду с материалом, традиционно излагаемым в рамках курсов лекций по теории риска и страховой математике, в книгу включены некоторые разделы, содержащие новейшие результаты. Для студентов и аспирантов, обучающихся по математическим и экономико-математическим специальностям (математика, прикладная математика, актуарная математика, финансовая математика, страховое дело). Книга может использоваться актуариями и специалистами-аналитиками, работающими в страховых и финансовых компаниях, а также специалистами в области теории надежности и другими исследователями, чья деятельность связана с оцениванием риска и анализом разнообразных рисковых ситуаций.
|
| 606 |
1 |
|
|a Статистические методы в экономике
|2 stltpush
|3 (RuTPU)RU\TPU\subj\69351
|
| 610 |
1 |
|
|a экономико-математические методы
|
| 610 |
1 |
|
|a экономико-математические модели
|
| 610 |
1 |
|
|a риски
|
| 610 |
1 |
|
|a риски финансовые
|
| 610 |
1 |
|
|a страхование
|
| 610 |
1 |
|
|a страховые риски
|
| 610 |
1 |
|
|a рисковые ситуации
|
| 610 |
1 |
|
|a анализ
|
| 610 |
1 |
|
|a случайные суммы
|
| 610 |
1 |
|
|a страховые тарифы
|
| 610 |
1 |
|
|a расчеты
|
| 610 |
1 |
|
|a статистические модели
|
| 610 |
1 |
|
|a динамические модели
|
| 610 |
1 |
|
|a коллективные риски
|
| 610 |
1 |
|
|a разорение
|
| 610 |
1 |
|
|a вероятностные методы
|
| 610 |
1 |
|
|a страховая деятельность
|
| 610 |
1 |
|
|a статистическое оценивание
|
| 610 |
1 |
|
|a теория Лапласа
|
| 610 |
1 |
|
|a учебные пособия
|
| 686 |
|
|
|a Ув64я73
|v LBC/SL-A
|2 rubbk
|
| 700 |
|
1 |
|a Королев
|b В. Ю.
|g Виктор Юрьевич
|
| 701 |
|
1 |
|a Бенинг
|b В. Е.
|g Владимир Евгеньевич
|
| 701 |
|
1 |
|a Шоргин
|b С. Я.
|g Сергей Яковлевич
|
| 801 |
|
1 |
|a RU
|b 63413507
|c 20110707
|
| 801 |
|
2 |
|a RU
|b 63413507
|c 20150429
|g RCR
|
| 900 |
|
|
|a Математические основы теории риска
|
| 942 |
|
|
|c BK
|
| 951 |
|
|
|b 010400
|
| 959 |
|
|
|a 47/20110505
|d 2
|e 682,00
|f ЧЗТЛ:1
|f АНЛ:1
|